00571nam a2200133Ia 4500008004100000100001900041245011100060245011800171260005300289260000900342300001000351650001500361856006100376170221s9999 xx 000 0 und d aElena Eliseeva aFeatures of Preparation of Creative Professionals in the Educational Environment of the Modern University  cElena Eliseeva, Galina Makarova, Valentina Feshchenko, Svetlana Komarova, Natalia Kazimirova, Svetlana Sevryukova bInternational Review of Management and Marketing c2012 a7 : 1 xMarketing. uhttp://www.econjournals.com/index.php/irmm/issue/view/70